| 000 | 01573cam a2200349 a 4500 | ||
|---|---|---|---|
| 001 | 16154526 | ||
| 003 | OSt | ||
| 005 | 20180116192425.0 | ||
| 008 | 100325s2009 dcua b 000 0 eng d | ||
| 010 | _a 2010277572 | ||
| 020 | _a9781932444322 (pbk.) | ||
| 020 | _a1932444211 (pbk.) | ||
| 035 | _a(OCoLC)ocn430233737 | ||
| 040 |
_aIBI _cIBI _dTXA _dMUU _dDLC |
||
| 042 | _alccopycat | ||
| 050 | 0 | 0 | _b.G737 2009 |
| 082 | _a696 | ||
| 245 | 0 | 0 |
_aLeed core conceps guide: _bAn introduction to LEED and green building. |
| 250 | _a3rd ed. | ||
| 260 |
_aWashington, DC : _bU.S. Green Building Council, _c2012. |
||
| 300 |
_a98 p. : _bill. ; _c28 cm. |
||
| 504 | _aIncludes bibliographical references. | ||
| 505 | 0 | _aGreen building -- U.S. green building council and its programs -- Sustainable sites -- Water efficiency -- Energy and atmosphere -- Materials and resources -- Indoor environmental quality -- Innovation in design. | |
| 520 | _aPresents green building concepts and strategies and introduces the ideas and practices that serve as the foundation for more detailed study of green building. | ||
| 650 | 0 |
_aSustainable buildings _xDesign and construction. _97893 |
|
| 650 | 0 |
_aLeadership in Energy and Environmental Design Green Building Rating System. _97894 |
|
| 710 | 2 |
_aU.S. Green Building Council. _97895 |
|
| 906 |
_a7 _bcbc _ccopycat _d2 _encip _f20 _gy-gencatlg |
||
| 942 |
_2ddc _cBK |
||
| 999 |
_c354034 _d354034 |
||